000 00453cam a2200181 4500
001 D7662
008 090401t1950 xxu||||| |||| 00| 0 eng d
035 _a(Sirsi) u8755
041 _aeng
050 _a526.80212
110 _aOrdnance Survey
_91860
245 _aProjection tables for the Transverse Mercato Projection of Great Britain
260 _aLondon
_bHMSO
_c1950
300 _a80p. 30cm
350 _a3
942 _n0
948 _c04/03/1997
999 _c86556
_d86556